| 000 | 00510nam a2200169 a 4500 | ||
|---|---|---|---|
| 005 | 20240425063925.0 | ||
| 008 | 991125s1969 fr 000 0 fre u | ||
| 035 | _aUPN01000057199 | ||
| 049 | _aCG | ||
| 050 | 4 |
_aLB1025.2 _bT7.3 |
|
| 245 | 0 | 0 |
_aTraité des sciences pédagogiques : _b1 : introduction / _cpublié Maurice Debesse. |
| 260 |
_aParis : _bUniversitaires de France, _c1969. |
||
| 300 | _a206 p. | ||
| 650 | 4 |
_aEnseñanza _96215 |
|
| 700 | 1 |
_aDebesse, Maurice, _d1903-1998 _eed. _933826 |
|
| 905 | _aLibro | ||
| 999 |
_c57199 _d57199 |
||